[Event "Plovdiv ChessBomb op 2nd"]
[Site "Plovdiv"]
[Date "2016.07.16"]
[Round "7"]
[White "Kozarev, Petar"]
[Black "Karadzhov, Ivan"]
[Result "0-1"]
[WhiteElo "1907"]
[BlackElo "1731"]
[PlyCount "84"]
[EventDate "2016.07.12"]
[EventType "swiss"]
[EventRounds "7"]
[EventCountry "BUL"]
[SourceTitle "CBM 173 Extra"]
[Source "ChessBase"]
[SourceDate "2016.08.29"]
[SourceVersion "1"]
[SourceVersionDate "2016.08.29"]
[SourceQuality "1"]

1. d4 d5 2. c4 c6 3. Nc3 Nf6 4. Nf3 e6 5. e3 Bd6 6. Bd3 0-0 7. 0-0 Nbd7 8. b3 Re8 9. Bb2 Nf8 10. c5 Bc7 11. b4 b6 12. Qa4 b5 13. Qc2 a5 14. a3 Ng6 15. e4 dxe4 16. Nxe4 Nd5 17. Qb3 Ngf4 18. Rfd1 f5 19. Ng3 Bd7 20. Ne5 Bxe5 21. dxe5 h5 22. Ne2 a4 23. Qc2 Qg5 24. Nxf4 Nxf4 25. Bf1 Nd5 26. Rd3 Qh6 27. Bc1 f4 28. h4 Qg6 29. Qe2 Re7 30. Rd4 Rf8 31. Qd3 Be8 32. Qf3 Qf5 33. Re4 Bg6 34. Bd3 Qg4 35. Qxg4 hxg4 36. Rd4 Bxd3 37. Rxd3 Rf5 38. Bb2 Ref7 39. Re1 Kh7 40. Rd4 g5 41. hxg5 Rxg5 42. Bc1 Rh5 0-1

[Event "Plovdiv ChessBomb op 2nd"]
[Site "Plovdiv"]
[Date "2016.07.12"]
[Round "1"]
[White "Kozarev, Petar"]
[Black "Karova, Peya"]
[Result "1-0"]
[WhiteElo "1907"]
[BlackElo "1248"]
[PlyCount "67"]
[EventDate "2016.07.12"]
[EventType "swiss"]
[EventRounds "7"]
[EventCountry "BUL"]
[SourceTitle "CBM 173 Extra"]
[Source "ChessBase"]
[SourceDate "2016.08.29"]
[SourceVersion "1"]
[SourceVersionDate "2016.08.29"]
[SourceQuality "1"]

1. d4 f5 2. e4 Nf6 3. exf5 d5 4. Bd3 Nc6 5. c3 e6 6. Qe2 Qe7 7. fxe6 Bxe6 8. Nf3 h6 9. Bg6+ Bf7 10. Bxf7+ Kxf7 11. Qxe7+ Bxe7 12. Bf4 Rhe8 13. 0-0 Rac8 14. Nbd2 g5 15. Ne5+ Nxe5 16. Bxe5 c5 17. f4 g4 18. Rfe1 h5 19. Nf1 cxd4 20. Bxd4 Bc5 21. Bxc5 Rxc5 22. Rxe8 Kxe8 23. Re1+ Kf7 24. Re5 h4 25. Ne3 b6 26. Nf5 Rc7 27. Nxh4 g3 28. Re1 Nh5 29. hxg3 Nxg3 30. Kf2 Ne4+ 31. Ke3 Re7 32. Nf3 Kf6 33. Kd4 Rd7 34. g4 1-0

[Event "Vidin Balkan Amateur op 5th"]
[Site "Vidin"]
[Date "2014.08.23"]
[Round "1"]
[White "Georgiev, Biser"]
[Black "Kozarev, Petar"]
[Result "1/2-1/2"]
[WhiteElo "2254"]
[BlackElo "1942"]
[PlyCount "71"]
[EventDate "2014.08.23"]
[EventType "swiss"]
[EventRounds "9"]
[EventCountry "BUL"]
[SourceTitle "CBM 162 Extra"]
[Source "ChessBase"]
[SourceDate "2014.10.17"]
[SourceVersion "1"]
[SourceVersionDate "2014.10.17"]
[SourceQuality "1"]

1. Nf3 Nf6 2. c4 e6 3. Nc3 d5 4. d4 c5 5. cxd5 exd5 6. Bg5 Be7 7. dxc5 0-0 8. e3 Nc6 9. a3 Bg4 10. Be2 Bxc5 11. Bxf6 Qxf6 12. Qxd5 b6 13. Qg5 Qe6 14. 0-0 Rad8 15. Rfd1 h6 16. Qf4 Bxf3 17. Bxf3 Ne5 18. Bd5 Qe7 19. Qf5 Rfe8 20. g3 g6 21. Qe4 Kg7 22. b4 f5 23. Qc2 Bd6 24. Nb5 Bb8 25. Bg2 Rc8 26. Qb3 Nc4 27. Rac1 Nd6 28. Nd4 Rxc1 29. Rxc1 Rc8 30. Nc6 Qf6 31. Rd1 g5 32. Qd5 Nf7 33. Qd7 Rf8 34. Bd5 f4 35. Nxb8 fxe3 36. fxe3 1/2-1/2